| 000 | 00603nam a22001937a 4500 | ||
|---|---|---|---|
| 005 | 20250306080726.0 | ||
| 008 | 250306b |||||||| |||| 00| 0 eng d | ||
| 020 | _a9788198462995 | ||
| 040 |
_aIN-DiNC _cIN-DiNC |
||
| 041 | _dasm | ||
| 082 |
_a005.52 _bCHA |
||
| 100 |
_aChamuah, Naba Kumar _eauthor |
||
| 245 |
_aPrak-mudran byabasthapana: _bcomputerot Asamiya likhan pranali (SEC)/ _cby Naba Kumar Chamuah |
||
| 250 | _a1st ed. | ||
| 260 |
_aDibrugarh: _bKaustabh prakashan, _c2025. |
||
| 300 | _a122p. | ||
| 650 | _aAssamese writing skill, layout and setting skills in Computer | ||
| 942 |
_2ddc _cBK |
||
| 999 |
_c12156 _d12156 |
||